000 01031nam a22003137a 4500
003 CHAP
005 20220329135408.0
008 971013s1981 r 00010 d
010 _a35647
011 _a36619
035 _a40738
040 _cCHAP
082 _a336.72
_bM45
110 _aMéxico. Secretaría de Hacienda y Crédito Público
_977183
245 _aEstadísticas de finanzas públicas
260 _aMéxico, D.F. :
_bLa Secretaría,
_c1981
300 _a1391 p
590 _aBATCH-UPD
_b10
_c20130110
_lUCH01
_h1236
590 _aBATCH-UPD
_b10
_c20130410
_lUCH01
_h0804
590 _aBATCH-UPD
_b10
_c20130914
_lUCH01
_h1409
590 _aCONVERSION
_b10
_c20130109
_lUCH01
_h1320
650 1 4 _aFinanzas públicas
_xEstadísticas.
_940963
650 1 4 _aFinanzas públicas
_zMéxico.
_940975
650 1 4 _aPolítica económica
_zMéxico.
_990535
901 _aBK
942 _cLIBRO
949 _a336.72 M45
_bBC
_cC
_d33724000508719
_eC
_fc.2
_h57706
_i40738
_si
949 _a336.72 M45
_bBC
_cC
_d33724000509378
_eC
_i40738
_si
999 _c35647
_d35647